Educational psychology (A) (Record no. 9169)

MARC details
000 -LEADER
fixed length control field 00626cam a2200241ua 4500
001 - CONTROL NUMBER
control field 10181
005 - DATE AND TIME OF LATEST TRANSACTION
control field 20260515114558.0
008 - FIXED-LENGTH DATA ELEMENTS--GENERAL INFORMATION
fixed length control field 170925n ii |||gr||||Z||||||asm
020 ## - INTERNATIONAL STANDARD BOOK NUMBER
International Standard Book Number 9789382030188
040 ## - CATALOGING SOURCE
Transcribing agency MAIN
041 ## - LANGUAGE CODE
Language code of text/sound track or separate title asm
082 ## - DEWEY DECIMAL CLASSIFICATION NUMBER
Classification number 370.15
100 ## - MAIN ENTRY--PERSONAL NAME
Personal name Bora, Swapnali,
Relator term Author.
245 ## - TITLE STATEMENT
Title Educational psychology (A)
Statement of responsibility, etc. By Swapnali Bora and others
250 ## - EDITION STATEMENT
Edition statement 1st ed.
260 ## - PUBLICATION, DISTRIBUTION, ETC.
Place of publication, distribution, etc. Jorhat:
Name of publisher, distributor, etc. Unika prakashan,
Date of publication, distribution, etc. 2012.
300 ## - PHYSICAL DESCRIPTION
Extent 216p.
653 ## - INDEX TERM--UNCONTROLLED
Uncontrolled term Education
700 ## - ADDED ENTRY--PERSONAL NAME
Personal name Gogoi, Bondipa,
Relator term Author.
700 ## - ADDED ENTRY--PERSONAL NAME
Personal name Bordoloi, Pompi,
Relator term Author.
700 ## - ADDED ENTRY--PERSONAL NAME
Personal name Dutta, Ujjal Kumar,
Relator term Author.
942 ## - ADDED ENTRY ELEMENTS (KOHA)
Koha item type Books
Holdings
Withdrawn status Lost status Damaged status Not for loan Home library Current library Shelving location Date acquired Total checkouts Full call number Barcode Date last seen Date last checked out Copy number Price effective from Koha item type
        Naharkatiya College Library Naharkatiya College Library General stacks 09/19/2020 5 370.15 | EDU 23777 04/01/2024 04/01/2024 5 09/19/2020 Books
        Naharkatiya College Library Naharkatiya College Library General stacks 09/19/2020 4 370.15 | EDU 23778 06/26/2024 06/21/2024 4 09/19/2020 Books
        Naharkatiya College Library Naharkatiya College Library General stacks 09/19/2020 2 370.15 | EDU 23779 03/20/2023 03/04/2023 3 09/19/2020 Books
        Naharkatiya College Library Naharkatiya College Library General stacks 09/19/2020 3 370.15 | EDU 23780 02/21/2023 02/15/2023 2 09/19/2020 Books
        Naharkatiya College Library Naharkatiya College Library General stacks 09/19/2020 2 370.15 | EDU 23781 02/21/2023 02/15/2023 1 09/19/2020 Books